00464 2200169 4500001002100000005001500021035002000036245006600056100002200122300002600144260003700170082001000207084001600217020002200233600002200255990001700277INLIS00000000000118220250924080248 a0010-09250000361 aKamus Bahasa Arab Terlengkap & Ter-update /cSahara Ramadhani0 aRamadhani, Sahara a448 hlm ;c13 X 19 cm a. :bCemerlang Publishinh,c2018 a492.7 a492.7 RAM k a978-602-50069-0-6 4aKamus Bahasa Arab a3952/PP/2025